Czy znasz wykonawców polskich piosenek? - Statystyki

Ogólne statystyki
  • Ten quiz został rozwiązany 772 razy
  • Średni wynik to 30 z 50
Statystyki odpowiedzi
Utwory Wykonawca % Poprawnych
"Miłość w Zakopanem", "Ty mała znów zarosłaś", "Ni mom hektara" Sławomir
90%
"Małomiasteczkowy", "W dobrą stronę", "Nie ma fal" Dawid Podsiadło
85%
"Małgośka", "Szparka sekretarka", "Niech żyje bal" Maryla Rodowicz
84%
"Baśka", "Urke", "Bohema" Wilki
84%
"Sen o Warszawie", "Dziwny jest ten świat", "Wspomnienie" Czesław Niemen
81%
"Mój przyjacielu", "Chciałem być", "Za Tobą pójdę jak na bal" Krzysztof Krawczyk
81%
"Tamta dziewczyna", "Małe rzeczy", "Sen o przyszłości" Sylwia Grzeszczak
81%
"Autobiografia", "Nie płacz Ewka", "Niepokonani" Perfect
80%
"Słodkiego, miłego życia", "Black and white", "Pokolenie" Kombi
79%
"Powiedz", "Zawsze z Tobą chciałbym być...", "A wszystko to... (bo ciebie kocham)!" Ich Troje
77%
"Marchewkowe pole", "Kryzysowa narzeczona", "Zostawcie Titanica" Lady Pank
76%
"Lubię wracać tam gdzie byłem", "Chałupy welcome to", "Zacznij od Bacha" Zbigniew Wodecki
76%
"Nie dokazuj", "Będziesz moją panią", "Dni, których nie znamy" Marek Grechuta
75%
"Nie mogę Cię zapomnieć", "Winna", "Królowa łez" Agnieszka Chylińska
73%
"Makumba", "Rudy się żeni", "Facet to świnia" Big Cyc
73%
"Jolka, Jolka pamiętasz", "Takie tango", "Bal wszystkich świętych" Budka Suflera
73%
"Cisza", "Chwile jak te", "Talizman" Kamil Bednarek
72%
"A ja wolę moją mamę", "Najpiękniejsza w klasie", "Wszystkie dzieci nasze są" Majka Jeżowska
72%
"Narcyz się nazywam", "Agnieszka już dawno...", "Anka, ot tak" Łzy
69%
"Tyle słońca w całym mieście", "Nic nie może wiecznie trwać", "Najtrudniejszy pierwszy krok" Anna Jantar
68%
"Co mi Panie dasz", "Nie ma wody na pustyni", "Józek nie daruję ci tej nocy" Bajm
67%
"Baranek", "Gdy nie ma dzieci", "Arahja" Kult
65%
"Kocham Cię, kochanie moje", "Krakowski spleen", "Boskie Buenos" Maanam
65%
"Długość dźwięku samotności", "Scenariusz dla moich sąsiadów", "Peggy Brown" Myslovitz
65%
"Dmuchawce, latawce, wiatr", "Konik na biegunach", "Malinowy król" Urszula
65%
"Buena", "Do nieba, do piekła", "Czas nie będzie czekał" Blue Café
64%
"Dzieci wybiegły", "Kiler", "Co ty tutaj robisz" Elektryczne Gitary
63%
"Testosteron", "Supermenka", "Na językach" Kayah
61%
"I love you", "Warszawa", "King" T.Love
61%
"Orła cień", "Piosenka księżycowa", "Pocałuj noc" Varius Manx
57%
"Biała flaga", "Telefony", "Mamona" Republika
54%
"Miał być ślub", "Dziewczyna mojego chłopaka", "Miałeś być" Monika Brodka
53%
"Szklana pogoda", "Przeżyj to sam", "Mister of America" Lombard
52%
"Nie będę Julią", "Hi-Fi Superstar", "Siedem życzeń" Wanda i Banda
50%
"Ciągle pada", "Nie zadzieraj nosa", "Takie ładne oczy" Czerwone Gitary
49%
"Bumerang", "Na ostrzu", "Tu" Ewa Farna
48%
"Moja i twoja nadzieja", "Teksański", "Zazdrość" Hey
48%
"Wszystko kwitnie wkoło", "Z kopyta kulig rwie", "Wszystko mi mówi, że mnie ktoś pokochał" Skaldowie
48%
"Wszystko czego dziś chcę", "Tyle samo prawd ile kłamstw", "Pieśń o cegle" Izabela Trojanowska
47%
"Jeszcze się tam żagiel bieli", "Być kobietą", "Odkryjemy miłość nieznaną" Alicja Majewska
46%
"Zakręcona", "Kiedyś cię znajdę", "Ćma" Reni Jusis
46%
"Chłopcy radarowcy", "Najwięcej witaminy", "Czterdzieści lat minęło" Andrzej Rosiewicz
44%
"Ławka", "Lato", "Klub wesołego szampana" Formacja Nieżywych Schabuff
42%
"Autostop", "Chłopiec z gitarą", "Malowana lala" Karin Stanek
41%
"Scoobiedoo ya", "Scyzoryk", "Moja autobiografia" Liroy
40%
"O-La-La", "Nasz Disneyland", "Naj story" Papa Dance
39%
"Papierowy księżyc", "Napisz proszę", "Dancing Queen" Halina Frąckowiak
34%
"Andzia i ja", "Party", "Obudź się" Oddział Zamknięty
34%
"Trzynastego", "Nie bądź taki szybki Bill", "O mnie się nie martw" Kasia Sobczyk
26%
"Sprytna i wybitna", "Wakacje", "To już lato" Kabaret OT.TO
13%
Nie znaleziono quizów pasujących do podanych kryteriów
Rozkład punktacji
Procent ludzi z każdym wynikiem
Percentyl według liczby udzielonych odpowiedzi
Twoja historia wyników
Nie rozwiązałeś tego quizu